Educación matemática 7º básico

Saved in:
Bibliografiske detaljer
Main Authors: Frías Barea, Mónica (Author), Rabdil Ortúzar, María Cristina (Author)
Format: Bog
Sprog:spansk
Udgivet: Santiago Zig-Zag 2000
Fag:
Tags: Tilføj Tag
Ingen Tags, Vær først til at tagge denne postø!

MARC

LEADER 00000nam a2200000 a 4500
001 UCN7817
003 CL-VaPUC
008 011026e20001200CL |||||||||||||||||spa|d
020 |a 9561213966 
082 0 4 |a 372.7  |b FRI  |2 21 
100 0 |a Frías Barea, Mónica  |e author  |9 463942 
700 0 |a Rabdil Ortúzar, María Cristina  |e author  |9 463943 
245 1 0 |a Educación matemática 7º básico 
300 |a 189 p 
942 |c BK 
945 |d 20011026 00:00:00  |a cmena 
260 |a Santiago  |b Zig-Zag  |c 2000 
650 0 |a Matemática  |9 260235 
650 0 |a Educación básica   |9 224933 
650 0 |a Matemáticas  |x Enseñanza  |9 875527 
650 0 |a Métodos de enseñanza  |9 270413 
650 0 |a Libros de texto  |9 270019 
583 |a last modification  |c 20170816 12:58:20  |k Rodrigo Vera 
999 |c 298014  |d 298012 
952 |0 0  |1 0  |4 0  |6 372_700000000000000_FRI_2000  |7 0  |8 P  |9 353128  |a BIBEDU  |b BIBEDU  |c BIBEDU_PB  |d 2019-11-21  |i 376642K  |o 372.7 FRI 2000  |p 376642K  |r 2024-01-25  |w 2019-11-21  |y BK  |k BME 
952 |0 0  |1 0  |4 0  |6 372_700000000000000_FRI_2000  |7 0  |8 P  |9 353129  |a BIBEDU  |b BIBEDU  |d 2019-11-21  |i 3766497  |o 372.7 FRI 2000  |p 3766497  |r 2019-11-21  |w 2019-11-21  |y BK  |k BME 
952 |0 0  |1 0  |4 0  |6 372_700000000000000_FRI_2000  |7 0  |8 P  |9 353130  |a BIBEDU  |b BIBEDU  |c BIBEDU_PB  |d 2019-11-21  |i 3766500  |o 372.7 FRI 2000  |p 3766500  |r 2024-01-25  |w 2019-11-21  |y BK  |k BME 
952 |0 0  |1 0  |4 0  |6 372_700000000000000_FRI_2000  |7 0  |8 P  |9 353131  |a BIBEDU  |b BIBEDU  |d 2019-11-21  |i 3766519  |o 372.7 FRI 2000  |p 3766519  |r 2019-11-21  |w 2019-11-21  |y BK  |k BME 
952 |0 0  |1 0  |4 0  |6 372_700000000000000_FRI_2000  |7 0  |8 P  |9 353132  |a BIBEDU  |b BIBEDU  |d 2019-11-21  |i 3766608  |o 372.7 FRI 2000  |p 3766608  |r 2019-11-21  |w 2019-11-21  |y BK  |k BME 
952 |0 0  |1 0  |4 0  |6 372_700000000000000_FRI_2000  |7 0  |8 A  |9 353137  |a BIBMAT  |b BIBMAT  |c E_DIDACT  |d 2019-11-21  |i 4053443  |o 372.7 FRI 2000  |p 4053443  |r 2025-01-07  |w 2019-11-21  |y BK  |k MAT 
952 |0 0  |1 0  |4 0  |6 372_700000000000000_FRI_2000  |7 0  |8 A  |9 353138  |a BIBMAT  |b BIBMAT  |c E_DIDACT  |d 2019-11-21  |i 4053397  |o 372.7 FRI 2000  |p 4053397  |r 2025-01-07  |w 2019-11-21  |y BK  |k MAT